000
00222nam a22000977a 4500
003
OSt
008
210113b ||||| |||| 00| 0 eng d
100
_a
Vasudevan Nair, M. T
_9
4299
245
_a
Vedhanayude Pookkal
942
_c
BK
999
_c
16414
_d
16414